| 000 | 00610 a2200169 4500 | ||
|---|---|---|---|
| 020 | _a8178670437 | ||
| 040 |
_aDLC _bDLC |
||
| 082 | _a003.3 | ||
| 100 | _aZeigler, Bernard P. | ||
| 245 |
_aTheory of modeling and simulation : integrating discrete event and continuous complex dynamic systems _cBernard P Zeigler, . |
||
| 260 |
_aNew Delhi: _bHarcourt India Pvt. Ltd., _c2000. |
||
| 300 |
_axxi, 510 p. : _b ill. ; _c26 cm. |
||
| 500 | _aIncludes bibliographical references and index | ||
| 650 | _aComputer simulation.2.System theory. | ||
| 700 | _aPraehofer, Herbert.2.Kim, Tag Gon. | ||
| 942 |
_cBK _k003.3 ZEI _2ddc |
||
| 999 |
_c5020 _d5020 |
||